| 000 | 00534nam a2200193Ia 4500 | ||
|---|---|---|---|
| 003 | GCL | ||
| 008 | 140319s9999 xx 000 0 eng d | ||
| 040 |
_aGCL / _cGCL |
||
| 082 | 0 | 4 |
_a621 _bK A |
| 100 | 1 | _aKHURMI, R.S. | |
| 245 | 1 | 0 |
_aA TEXT BOOK OF MECHANICAL TECHNOLOGY (HEAT ENGINES) / _cKHURMI, R.S. |
| 260 |
_a[S.N] : _bS. CHAND & COMPANY LTD ، _c1985 |
||
| 300 | _a920\P | ||
| 650 | 0 | 4 | _aالتحليل الرياضى |
| 650 | 0 | 4 | _aTURBINES |
| 650 | 0 | 4 | _aHEAT ENGINES |
| 650 | 0 | 4 | _aMECHANICS ENGINEERING |
| 942 |
_2ddc _cBK |
||
| 999 |
_c20191 _d20191 |
||